| Поле | Название | Значение |
| |
Тип записи |
a |
| |
Библиографический уровень |
m |
| 001 |
Контрольный номер |
RU/IS/BASE/553278357 |
| 005 |
Дата корректировки |
20201206205055.5 |
| 010 |
Индекс ISBN |
__ |
| a |
ISBN |
978-5-93093-896-8 (в обл.) |
| d |
Цена |
918-00 |
| 100 |
Данные общей обработки |
__ |
| a |
Данные общей обработки |
19170713d2012||||||| 0rusy0189 ca |
| 101 |
Язык документа |
0_ |
| a |
Язык текста |
rus |
| 102 |
Страна публикации |
__ |
| a |
Страна публикации |
RU| |
| 105 |
Кодированные данные (монография) |
__ |
| a |
Кодированные данные (монография) |
a|||||||001zy |
| 200 |
Заглавие и сведения об ответственности |
1_ |
| a |
Заглавие |
Эффективное использование воды |
| f |
Первые сведения об ответственности |
Е. А. Пугачев, В. Н. Исаев ; под общей редакцией Е. А. Пугачева |
| b |
Общее обозначение материала |
Текст |
| 210 |
Выходные данные |
__ |
| a |
Место издания |
Москва |
| c |
Издательство |
АСВ |
| d |
Дата издания |
2012 |
| 215 |
Физическое описание |
__ |
| a |
Объем |
431 с. |
| c |
Иллюстрации/тип воспроизводства |
ил., табл. |
| d |
Формат |
21 см |
| 300 |
Общие примечания |
__ |
| a |
Общие примечания |
500 экз. |
| 320 |
Библиография |
__ |
| a |
Библиография |
Библиогр.: с. 428-431 |
| 330 |
Аннотация |
__ |
| a |
Аннотация |
Содержатся сведения, связанные с проблемами социального водопользования, потребностями человека и общества в воде, ее paционального использования при удовлетворении потребностей человека и общества в условиях устойчивого и безопасного развития, Представлены данные, связанные с проблемами эффективного водопользования в бытовых, производственных и сельскохозяйственных секторах водного хозяйства России. Излагается энергетическая концепция оценки эффективности водных технологий. Приведены примеры эффективного водопользования ряда водоемких производственных процессов отдельных регионов Российской Федерации. Для студентов, обучающихся по специальности 290112 (290800) "Водоснабжение и водоотведение". |
| 606 |
Тематические рубрики |
__ |
| a |
Основная рубрика |
Геофизика |
| 606 |
Тематические рубрики |
__ |
| a |
Основная рубрика |
Гидрология суши |
| 606 |
Тематические рубрики |
__ |
| a |
Основная рубрика |
Экономика |
| 606 |
Тематические рубрики |
__ |
| a |
Основная рубрика |
Экономика водного хозяйства |
| 610 |
Ключевые слова |
__ |
| a |
Ключевые слова |
вода |
| a |
Ключевые слова |
водное хозяйство |
| a |
Ключевые слова |
водные ресурсы |
| a |
Ключевые слова |
водные технологии |
| a |
Ключевые слова |
водоотведение |
| a |
Ключевые слова |
водопотребление |
| a |
Ключевые слова |
водоснабжение |
| a |
Ключевые слова |
загрязнение вод |
| a |
Ключевые слова |
использование водных ресурсов |
| a |
Ключевые слова |
качество вод |
| a |
Ключевые слова |
охрана водных объектов |
| a |
Ключевые слова |
охрана водных ресурсов |
| a |
Ключевые слова |
природные воды |
| a |
Ключевые слова |
рациональное использование |
| a |
Ключевые слова |
стоимость воды |
| a |
Ключевые слова |
экология |
| a |
Ключевые слова |
экология воды |
| 686 |
Индексы других классификаций |
__ |
| 2 |
Код системы |
rubbks |
| a |
Классификационный индекс |
26.22 |
| 686 |
Индексы других классификаций |
__ |
| 2 |
Код системы |
rubbks |
| a |
Классификационный индекс |
65.422(2Рос) |
| 700 |
Автор |
_1 |
| a |
Фамилия |
Пугачев |
| b |
Имя |
Е. А. |
| g |
Полное личное имя |
Евгений Алексеевич |
| 4 |
Код отношения |
070 |
| 701 |
Альтернативная интеллектуальная ответственность |
_1 |
| a |
Фамилия |
Исаев |
| b |
Имя |
В. Н. |
| g |
Полное личное имя |
Вячеслав Николаевич |
| 4 |
Код отношения |
070 |
| 801 |
Источник записи |
_0 |
| a |
Страна |
RU |
| b |
Организация |
Муниципальное бюджетное учреждение культуры "Централизованная библиотечная система" г. Сургут (Центральная городская библиотека им. А. С. Пушкина) |
| c |
Дата составления |
20170713 |
| g |
Правила каталогизации |
КиК/Котельникова |
| 801 |
Источник записи |
_1 |
| a |
Страна |
RU |
| b |
Организация |
Муниципальное бюджетное учреждение культуры "Централизованная библиотечная система" г. Сургут (Центральная городская библиотека им. А. С. Пушкина) |
| c |
Дата составления |
20170713 |
| g |
Правила каталогизации |
КиК/Котельникова |
| 852 |
Данные о местонахождении |
__ |
| j |
Шифр хранения |
26.22 |
| i |
Авторский знак |
П 88 |
| 901 |
Тип документа |
__ |
| t |
Тип документа |
m |
| 903 |
Характеристики (МАРС) |
__ |
| a |
Дата передачи |
20170713 |
| 969 |
Тип издания |
__ |
| a |
Тип издания |
научное издание |
| 990 |
Данные о заказе (DOS) |
__ |
| j |
Количество экземпляров (DOS) |
1 |
| t |
N записи в КСУ для И/У (DOS) |
201707 |